000 00315 a2200121 4500
001 86587
082 _a398.2 LOK
090 _c40764
_d40764
100 _aIjaz Hussain Hazari
245 _aHazara Daastan : Folklore 1 (Audio CD)
_hAudio CD
260 _aLok Virsa
_bLok Virsa Islamabad
_c2012
500 _aLok Virsa
942 _aCAENUST
_k398.2 LOK
999 _c321660
_d321660